History of Korea: Vol.2
সংরক্ষণ করুন:
| প্রধান লেখক: | |
|---|---|
| বিন্যাস: | গ্রন্থ |
| ভাষা: | Undetermined |
| প্রকাশিত: |
New York
Hillary House Publishers Ltd.
1962
|
| বিষয়গুলি: | |
| ট্যাগগুলো: |
ট্যাগ যুক্ত করুন
কোনো ট্যাগ নেই, প্রথমজন হিসাবে ট্যাগ করুন!
|
| Thư viện lưu trữ: | Trung tâm Học liệu Trường Đại học Cần Thơ |
|---|
| LEADER | 00564nam a2200193Ia 4500 | ||
|---|---|---|---|
| 001 | CTU_90720 | ||
| 008 | 210402s9999 xx 000 0 und d | ||
| 082 | |a 951.9 | ||
| 082 | |b H912/ Vol.1 | ||
| 100 | |a Homer Bezaleel Hulbert | ||
| 245 | 0 | |a History of Korea: Vol.2 | |
| 245 | 0 | |c Homer Bezaleel Hulbert; edited by Clarence Norwood Weems | |
| 260 | |a New York | ||
| 260 | |b Hillary House Publishers Ltd. | ||
| 260 | |c 1962 | ||
| 650 | |a korea,history | ||
| 650 | |x history,korea | ||
| 904 | |i Mai Loan | ||
| 980 | |a Trung tâm Học liệu Trường Đại học Cần Thơ | ||